K problematike interakčných vzťahov v domovoch SOU

Bibliographic Details
Main Author: Kominarec, Igor, 1949- (Author)
Format: Article
Language:Slovak
Subjects:

MARC

LEADER 00000nab a2200000 a 4500
001 vtls000153886
003 SK-MaSNL
005 20260304062107.0
008 250422c1983 xo 0 slo
015 |a SNBRB19rr/mm-uuuuu 
035 |a CL0163993 
035 |a urn:nbn:sk:snk-abczqt 
035 |a (urnnbn)urn:nbn:sk:snk:ar-007c5g 
035 |a (uuid)8ae745fb-7a24-435a-87e0-d0e9863200f0 
040 |a SNKBUCL  |b slo  |c SNKBUCL  |e AACR2 
041 0 |a slo 
044 |a xo  |c SK 
080 |a 377.35:37.018.3  |2 1981 
080 |a 37.018.3  |2 1981 
080 |a 37.064  |2 1981 
100 1 |a Kominarec, Igor,  |d 1949-  |4 aut  |9 116801 
245 1 0 |a K problematike interakčných vzťahov v domovoch SOU  |c Igor Kominarec 
650 0 7 |a učilištia stredné  |2 snkbucl  |9 923909 
650 0 7 |a domovy SOU  |2 snkbucl  |9 1347080 
655 7 |a články z novín a časopisov  |2 snkbucl  |9 267496 
773 0 |t Vychovávateľ  |g Roč. 27, č. 10 (1982/1983), s. 10-13 
850 |a Slovenská národná knižnica 
852 |a Slovenská národná knižnica 
954 |a odborná, vedecká literatúra pôvodná (slovenská)  |2 lita 
958 |a article17 
958 |a OND 
958 |a RK 
958 |a EUIPO 
992 |a RBX 
999 |c 2736455  |d 2738385